Music Quiz

Random Music or Bands Quiz

'Someone and the Somethings' Band Names Quiz Stats

 Plays Quiz Updated Mar 9, 2012

Challenge
Share
Tweet
Embed
Score 0/28 Timer 06:00
5 Plays Today
Something Someone % Correct
...and the BlowfishHootie
84.8%
...and the E Street BandBruce Springsteen
77.2%
...and the Sunshine BandKC
75.7%
...and the HeartbreakersTom Petty
72.6%
...and the GangKool
70.7%
...and the Family Stone Sly
68.9%
...and the NewsHuey Lewis
65.6%
...and the SupremesDiana Ross
65.4%
...and the WailersBob Marley
61.6%
...and the PipsGladys Knight
56.1%
...and the DominosDerek
53.6%
...and the BlackheartsJoan Jett
53.3%
...and the Funky BunchMarky Mark
51.6%
...and the MachineFlorence
48.1%
Something Someone % Correct
...and the Four SeasonsFrankie Valli
47.5%
...and the BunnymenEcho
43.2%
...and the VandellasMartha Reeves
42.2%
...and the CricketsBuddy Holly
41.4%
...and the WavesKatrina
41.2%
...and the MiraclesSmokey Robinson
36%
...and the RevolutionPrince
34%
...and the Mothers of InventionFrank Zappa
29.4%
...and the Bad SeedsNick Cave
26.6%
...and the BansheesSiouxsie
25.9%
...and the AttractionsElvis Costello
25.6%
...and the ShondellsTommy James
20.7%
...and the RangeBruce Hornsby
20.3%
...and the Furious FiveGrandmaster Flash
19.9%

You're not logged in!

Compare scores with friends on all Sporcle quizzes.
Join for Free
OR
Log In

You Might Also Like...

Show Comments

Extras

Top Quizzes Today


Score Distribution

Your Account Isn't Verified!

In order to create a playlist on Sporcle, you need to verify the email address you used during registration. Go to your Sporcle Settings to finish the process.

Report this User

Report this user for behavior that violates our Community Guidelines.

Details: